Intangibilidad de las retribuciones de los Jueces del Poder Judicial de la Nación : su proyección en la exención del pago del impuesto a las ganancias /

Guardado en:
Autor Principal: Fayt, Carlos S.
Formato: Libro
Idioma:Spanish
Publicado: Buenos Aires : La Ley, 2009
Edición:1a. ed.
Materias:
Etiquetas: Agregar Etiqueta
Sin Etiquetas, Sea el primero en etiquetar este registro!
LEADER 00577nam a22001575a 4500
001 DER.der011269
008 180615s2009####ag#||||||||||||||#||spa||
005 20251229184235.0
245 1 0 |a Intangibilidad de las retribuciones de los Jueces del Poder Judicial de la Nación :  |b su proyección en la exención del pago del impuesto a las ganancias /  |c Carlos S. Fayt. 
250 |a 1a. ed. 
260 |a Buenos Aires :  |b La Ley,  |c 2009 
300 |a 256 p. 
020 |a 9789870313472 
100 1 |a Fayt, Carlos S. 
650 7 |a DERECHO CONSTITUCIONAL 
859 |a DERECHO  |b BIB. DERECHO  |h 342  |i FAY  |k 6  |p 006648